| 000 | 00905cam a22002411 4500 | ||
|---|---|---|---|
| 001 | gs 46000023 | ||
| 003 | DLC | ||
| 005 | 20260227111351.0 | ||
| 008 | 790612s1946 sdub s000 0 eng c | ||
| 010 | _ags 46000023 | ||
| 035 | _a(OCoLC)5057612 | ||
| 040 |
_aU.S. Geol. Survey. Library _cTxCM _dOCoLC _dDLC _dWaU |
||
| 050 | 0 | 0 |
_aQE164.J3 _bR7 |
| 082 | _a551 | ||
| 100 | 1 |
_aRothrock, E. P. _q(Edgar Paul), _d1889-1977. |
|
| 245 | 1 | 4 |
_aThe surface of a portion of the James basin in South Dakota, _cby E.P. Rothrock. |
| 260 |
_aVermillion, S.D., _bUniversity of South Dakota, _c1946. |
||
| 300 |
_a2 p. l., 21 p. _bmaps (2 fold. in pocket) _c28 cm. |
||
| 490 | 0 |
_aSouth Dakota. State geologist. Report of investigations, _vno. 54 |
|
| 500 | _aCover-title. | ||
| 500 | _aAt head of title: State of South Dakota ... State Geological Survey ... | ||
| 650 | 0 |
_aPhysical geography _zJames River (N.D. and S.D.) |
|
| 999 |
_c28059 _d28059 |
||